Les clubs français de football gaélique en émojis - Statistiques

Statistiques générales
  • Ce quiz a été pris 365 fois
  • Le résultat moyen est 6 sur 25
Statistiques - réponses
Par images Réponse % Correct
paris
72%
bordeaux
70%
lyon
54%
strasbourg
54%
brest
46%
nantes
46%
lille
37%
rennes
31%
toulouse
31%
liffre
22%
lorient
21%
angers
18%
guerande
18%
niort
14%
quimper
14%
nice
12%
provence
9%
clermont
8%
mondeville
8%
fougeres
7%
naives
5%
arthon
4%
saint-brieuc
4%
vannes
4%
saint-coulomb
2%
Aucun quiz correspondant
Distribution des résultats
% des personnes avec chaque résultat
Percentile par nombre de réponses
Votre historique - résultats
Vous n’avez pas pris ce quiz